Políticas de población en Centroamérica, el Caribe y México /
Centroamérica busca nuevamente el camino del desarrollo, luego de pasar una de sus crisis más profundas del presente siglo, agudizada por los conflictos civiles que llegaron a alcanzar dimensiones regionales. A los arraigados problemas socioeconómicos y políticos regionales se suman nuevos desafíos...
Zapisane w:
| 1. autor: | |
|---|---|
| Kolejni autorzy: | , |
| Format: | Nieznany |
| Wydane: |
México D.F.:
PROLAP
|
| Hasła przedmiotowe: | |
| Etykiety: |
Dodaj etykietę
Nie ma etykietki, Dołącz pierwszą etykiete!
|
MARC
| LEADER | 00000 a2200000 04500 | ||
|---|---|---|---|
| 001 | 6492 | ||
| 003 | |||
| 008 | 991231s d | ||
| 040 | |||
| 090 | |a 125213 | ||
| 100 | |a Benítez Zenteno, Raúl | ||
| 245 | |a Políticas de población en Centroamérica, el Caribe y México / |c Raúl Benítez Zenteno | ||
| 260 | |a México D.F.: |b PROLAP | ||
| 300 | |a 595 p | ||
| 520 | |a Centroamérica busca nuevamente el camino del desarrollo, luego de pasar una de sus crisis más profundas del presente siglo, agudizada por los conflictos civiles que llegaron a alcanzar dimensiones regionales. A los arraigados problemas socioeconómicos y políticos regionales se suman nuevos desafíos y urgencias que cada pueblo deberá enfrentar de manera prioritaria. Además de los profundos desequilibrios económicos y de la disminución de los niveles de bienestar, la década de violencia y crisis deja un saldo desolador: unos 160 mil muertos a consecuencia de guerras y disturbios, más de 2 millones de centroamericanos separados de sus hogares, unos 10 millones sumidos en la pobreza, economías frágiles y desarticuladas, altamente dependientes de la ayuda externa, una deteriorada infraestructura de servicios, comunicaciones y transportes y un notorio retroceso en materia de política social. Ante dicha panorámica, se impone el criterio de que sólo la paz duradera, la democracia y el crecimiento económico con una mejor distribución de sus beneficios logrará superar el círculo vicioso de violencia y subdesarrollo. Dentro de este marco, se indica que se necesitan medidas rápidas y decisivas para iniciar, así como un nuevo enfoque para enfrentar los complejos problemas de la subregión, incluyendo una reflexión sobre el rol y contenido de una política de población para Centroamérica que reconozca los profundos problemas estructurales de la subregión y sus metas a mediano y largo plazo deben de ser consistentes en el logro del desarrollo con equidad. OB/LOB | ||
| 650 | |a ESTRATEGIA DEL DESARROLLO | ||
| 650 | |a POLITICA DE POBLACION | ||
| 650 | |a PAISES EN DESARROLLO | ||
| 650 | |a PROBLEMAS SOCIALES | ||
| 650 | |a PROBLEMAS POLITICOS | ||
| 650 | |a RECESION ECONOMICA | ||
| 650 | |a NIVEL DE VIDA | ||
| 650 | |a JUSTICIA SOCIAL | ||
| 650 | |a POBREZA | ||
| 650 | |a IDEOLOGIAS | ||
| 650 | |a ESTABILIZACION ECONOMICA | ||
| 650 | |a NEOLIBERALISMO | ||
| 700 | |a Ramírez Rodríguez, Eva Gisela | ||
| 700 | |a coord | ||
| 999 | |c 15680 |d 15680 | ||
